| 000 | 00809cam a2200289 a 4500 | ||
|---|---|---|---|
| 001 | 30695 | ||
| 005 | 20230410103842.0 | ||
| 008 | 970902s1997 njuab b 001 0 eng | ||
| 035 | _9(DLC) 97074941 | ||
| 035 | _a117570 | ||
| 942 |
_2lcc _cbk |
||
| 010 | _a97074941 | ||
| 020 | _a1565910869 | ||
| 040 |
_aDLC _cDLC |
||
| 043 | _aa-kr--- | ||
| 050 | 1 | 4 |
_a409 DS 904 _bI61 1997 |
| 245 | 0 | 3 |
_aAn introduction to Korean culture / _cedited by John H. Koo & Andrew C. Nahm. |
| 246 | 3 | 0 | _aKorean culture |
| 260 |
_aElizabeth, NJ : _bHollym, _c1997. |
||
| 300 |
_a479 p. : _bill., maps ; _c24 cm. |
||
| 504 | _aIncludes bibliographical references and index. | ||
| 590 | _aIn English. | ||
| 651 | 0 |
_aKorea _xCivilization. |
|
| 700 | 1 |
_aKoo, John H., _d1932- |
|
| 700 | 1 | _aNahm, Andrew C. | |
| 922 | _aad | ||
| 999 |
_c27103 _d27103 |
||